Niall Horan - On A Night Like Tonight (All Lyrics) - Statistics

General Stats
  • This quiz has been taken 42 times
  • The average score is 196 of 236
Answer Stats
Answer % Correct
a
100%
by
100%
by?
100%
by,
100%
by)
100%
like
100%
night
100%
night,
100%
night)
100%
on
100%
On
100%
(On
100%
tonight
100%
mine
94%
mine,
94%
passin'
94%
(Passin'
94%
stars
94%
Yeah
94%
Yeah,
94%
you,
94%
you
94%
your
94%
just
88%
know
88%
pressed
88%
Pressed
88%
skin
88%
summer
88%
Wanna
88%
we
88%
what
88%
Are
82%
two
82%
Wantin'
82%
lovin'
76%
My
76%
my
76%
so
76%
tastes
76%
good
71%
in
71%
it
71%
it's
71%
me
71%
there,
71%
this
71%
for
65%
here
65%
If
65%
mind
65%
Wanting
65%
baby
59%
blow
59%
down
59%
Fallin'
59%
high
59%
high,
59%
rain,
59%
Tell
59%
Then
59%
way
59%
what's
59%
anything
53%
except
53%
fire
53%
goodbye
53%
Got
53%
hearts
53%
heaven?
53%
up
53%
walkin'
53%
wire
53%
dance
47%
eyes
47%
Innocent
47%
kisses
47%
now
47%
of
47%
Supermoon
47%
watch
47%
life
41%
new
41%
ripplin'
41%
takin'
41%
dreams,
35%
wildest
35%
No matching quizzes found
Score Distribution
Percent of People with Each Score
Percentile by Number Answered
Your Score History
You have not taken this quiz